01616nam a2200349 a 4500001001000000003000500010005001700015008004100032010001100073011001100084040000900095090001000104100005300114245021300167260006000380500006000440502009700500590004100597590004000638590004000678650004300718650004700761650003400808650004600842856007000888901000700958942001000965942000600975999001900981952013101000952013501131000113677CHAP20220329144407.0170906s2017 mx a fsm |||||||spa d a110138 a111110 cCHAP aTesis1 aUbaldo Rodríguez, Azucena Concepción913322610aSituación actual y perspectivas de la producción de tomate (Lycopersicum esculentum Mill.) en la región III fronteriza del estado de Chiapas /h[En línea]cpor Azucena Concepción Ubaldo Rodríguez. aSan José Puyacatengo, Teapa, Tab. :bEl autor,c2017. aPara ver el contenido del material haga clic en la liga aTesis (Ing. Agr. Esp. en Zonas Tropicales) -- UACH. Unidad Regional Universitaria Sursureste aE11695DGDb10c20170912lUCH01h0939 aE6096MTMb05c20170906lUCH01h1407 aE6096MTMb05c20170906lUCH01h141214aTomatexAspectos económicos.911368114aTomatexEfecto del medio ambiente.911370814aTomatexProducción.912534614aTomatexSistemas de Producción.9113767 aFinding aiduhttp://10.13.5.2/tesis/sist113677.pdfzTeclea aquí aBK cTESIS n0 c110138d110138 00104054718TESISaBCbBCd2017-09-06fTESISl0oTesisp113679-10r2019-12-31 00:00:00w2019-12-31yTESISzRecien adquirido 00102local4053708TESISaBCbBCcPA_TESISd2017-09-06fTESISl0oTesisp113679-20r2019-12-31 00:00:00tc.2w2019-12-31yTESIS